Daniel Day Lewis Oscar Nominated Roles - Statistics

General Stats
  • This quiz has been taken 24 times
  • The average score is 5 of 6
Answer Stats
Release Year Movie % Correct
2012 Lincoln
95%
1990 My Left Foot: The Story of Christy Brown
86%
2007 There Will Be Blood
82%
2002 Gangs of New York
77%
1993 In the Name of the Father
55%
2017 Phantom Thread
55%
No matching quizzes found
Score Distribution
Percent of People with Each Score
Percentile by Number Answered
Your Score History
You have not taken this quiz